Londýnska burza Charakteristika svetových búrz
Koncentrovaný systém britských peňažných ústavov. V r.1973 sa jednotlivé burzy cenných papierov spojili do jednej - The Stock Exchange London. Účastníci burzy, obchodovanie na burze. Liberalizácia na kapitálovom trhu v 80. rokoch. Elektronizácia burzových obchodov.
Saved in:
| Main Author: | |
|---|---|
| Format: | Book Chapter |
| Language: | Slovak |
| Subjects: | |
| Tags: |
No Tags, Be the first to tag this record!
|
MARC
| LEADER | 00000naa a2200000 4500 | ||
|---|---|---|---|
| 001 | r017108 | ||
| 005 | 20221213100454.8 | ||
| 041 | 0 | |a slo | |
| 044 | |a SK | ||
| 245 | 1 | 0 | |a Londýnska burza |b Charakteristika svetových búrz |c O. Luptáková |
| 520 | |a Koncentrovaný systém britských peňažných ústavov. V r.1973 sa jednotlivé burzy cenných papierov spojili do jednej - The Stock Exchange London. Účastníci burzy, obchodovanie na burze. Liberalizácia na kapitálovom trhu v 80. rokoch. Elektronizácia burzových obchodov. | ||
| 610 | 2 | 0 | |a burzy |
| 610 | 2 | 0 | |a papiere cenné |
| 610 | 2 | 0 | |a Londýn |
| 610 | 2 | 0 | |a The Stock Exchange London |
| 610 | 2 | 0 | |a obchody burzové |
| 610 | 2 | 0 | |a makléri |
| 610 | 2 | 0 | |a elektronizácia |
| 610 | 2 | 0 | |a trh kapitálový |
| 610 | 2 | 0 | |a liberalizácia |
| 610 | 2 | 0 | |a zabezpečenie informačné |
| 100 | 1 | |a Luptáková, O. | |